00570nam a22001577a 4500020001800000082001200018100002100030245005900051260002900110300001000139650005500149700002000204942000700224999001700231952016400248 a9781441944184 a621.395 aKeating, Michael aLow power methodology manual for system on chip design aNew YorkbSpringerc2007 a300 p aSystems on a chip--Low voltage integrated circuits aMichael Keating cBK c11395d11395 001040708NFICaCLbCLcGENd2012-10-31eProgressive International Agenciesg12646.13l1m3o621.395 KEApSEECS011610r2026-01-27s2025-09-09w2017-01-05yBK